Statistiques concernant Anciens drapeaux #1

Cliquez ici pour prendre le quiz!

Statistiques générales

  • Ce quiz a été pris 54 fois
    (16 depuis la dernière actualisation)
  • Le résultat moyen est 9 sur 16

Statistiques - réponses

Réponse% Correct
Autriche
80%
Brésil
80%
Chine
80%
Perse (Iran)
73%
Syrie
73%
Bélarus (Biélorussie)
67%
Grèce
60%
Zaïre (RDC)
60%
Mexique
53%
Monténégro
53%
Royaume de {Jérusalem}
53%
Birmanie (Myanmar)
47%
Hetmanat cosaque (Ukraine)
40%
Rhodésie (Zambie)
40%
Estonie
33%
Madagascar
27%

Distribution des résultats

Percentile par nombre de réponses

% des personnes avec chaque résultat

Votre développement - résultats

Vous n’avez pas pris ce quiz depuis la dernière actualisation